000
00328 a2200169 4500
001
187296
020
_a
85-08-06800-X
040
_c
Magnum
100
_a
Jouve, Franck
240
1
0
_a
A floresta
_l
por
245
1
0
_a
A floresta
300
_a
48
362
0
_a
2003
440
1
_a
Ática
697
_a
MISCELÂNEA
942
_c
BK
999
_c
187296
_d
187296